000 00339nam a2200121Ia 4500
008 220204s9999 xx 000 0 und d
082 _a547.313
_bMUL
100 _aAshworth, M R F
245 0 _aFunctional group determination of olefine and acetylene unsaturation
260 _aLondon
_bAcademic
_c1975
700 _aMuller, K
942 _cBK
999 _c27343
_d27343